Language Quiz

Random Language Quiz

Catalan - Basic Phrases Quiz Stats

 Plays Quiz not verified by Sporcle

Also try: Second Letter Z
Challenge
Share
Tweet
Embed
Score 0/42 Timer 10:00
0 Plays Today
English Catalan % Correct
HelloHola
93.7%
GoodbyeAdéu
80.2%
Yes
79.5%
Good morningBon dia
78.6%
NoNo
77.7%
Catalancatalà
74.3%
Good nightBona nit
73.2%
Good
71.6%
Thank youGràcies
71.2%
What?Que?
67.3%
Very goodMolt bé
66.4%
Good afternoonBona tarda
65.1%
PleaseSi us plau
64.6%
Englishanglès
59.5%
I speak...Jo parlo...
59.5%
My name is...Em dic...
57%
How are you? (formal)Com està?
53.2%
Spanishcastellà
51.8%
Where is...?On és...?
51.1%
How are you? (informal)Com estàs?
50%
I don't speak... well.No parlo bé...
50%
English Catalan % Correct
Do you speak...? (formal)Vostè parla...?
49.3%
I am from CanadaSóc de Canadà
48%
HelpAjuda
47.7%
What is your name? (informal)Com et dius?
46.2%
You're welcomeDe res
46.2%
Thank youMercès
45.5%
See you tomorrowFins demà
44.8%
What is your name? (formal)Com es diu?
44.4%
Where are you from? (informal)D'on ets?
41.9%
I don't understandNo ho entenc
40.5%
I'm sorryEm sap greu
38.5%
Where are you from? (formal)D'on es vostè?
38.5%
See you laterFins després
36.3%
Good eveningBon vespre
32.4%
Can you help me? (formal)Pot ajudar-me?
31.3%
See you soonFins ara
31.3%
Excuse me (to ask for forgiveness)Perdoni
29.7%
I am from the United StatesSóc dels Estats Units
26.1%
Nice to meet youMolt de gust
21.6%
I am from the United KingdomSóc del Regne Unit
18%
Excuse me (to get someone's attention)Disculpi
17.3%

You're not logged in!

Compare scores with friends on all Sporcle quizzes.
Join for Free
OR
Log In

You Might Also Like...

Show Comments

Extras

Top Quizzes Today


Score Distribution

Your Account Isn't Verified!

In order to create a playlist on Sporcle, you need to verify the email address you used during registration. Go to your Sporcle Settings to finish the process.

Report this User

Report this user for behavior that violates our Community Guidelines.

Details: